Программа опытных полей и коллективных опытов на 1914 год (Запись № 7606241)

Подробности
000 -МАРКЕР
контрольное поле 01382nam1a2200277 i 4500
001 - ИДЕНТИФИКАТОР ЗАПИСИ
контрольное поле rc\3059375
005 - ИДЕНТИФИКАТОР ВЕРСИИ
контрольное поле 20260406184652.0
035 ## - ДРУГИЕ СИСТЕМНЫЕ НОМЕРА
Идентификатор записи (NLR Aleph) 007198211
100 ## - ДАННЫЕ ОБЩЕЙ ОБРАБОТКИ
Данные общей обработки 20050311g19149999u y0rusy50 ca
101 0# - ЯЗЫК РЕСУРСА
Язык текста, звукозаписи и т.д. русский
102 ## - СТРАНА ПУБЛИКАЦИИ ИЛИ ПРОИЗВОДСТВА
Страна публикации Российская Федерация
105 ## - ПОЛЕ КОДИРОВАННЫХ ДАННЫХ: ТЕКСТОВЫЕ МАТЕРИАЛЫ, МОНОГРАФИЧЕСКИЕ
Кодированные данные о монографическом текстовом документе ||||z||||||||
200 1# - ЗАГЛАВИЕ И СВЕДЕНИЯ ОБ ОТВЕТСТВЕННОСТИ
Основное заглавие Программа опытных полей и коллективных опытов на 1914 год
Первые сведения об ответственности Ставрополь-Кавказская Сельскохозяйственная Опытная Станция Ставропольского Городского Общественнаго Управления
210 ## - ПУБЛИКАЦИЯ, РАСПРОСТРАНЕНИЕ И ДР.
Место издания, распространения и т.д. Ставрополь
Имя издателя, распространителя и т. д. Типография Губернскаго Правления
Дата издания, распространения и т.д. 1914
215 ## - ФИЗИЧЕСКАЯ ХАРАКТЕРИСТИКА
Размеры 25
601 02 - НАИМЕНОВАНИЕ ОРГАНИЗАЦИИ КАК ПРЕДМЕТ
Начальный элемент ввода Ставрополь-Кавказская сельскохозяйственная опытная станция
Системный номер авторитетной/нормативной записи 2583983
Идентификатор авторитетной/нормативной записи RU\NLR\AUTH\6601737771
606 1# - НАИМЕНОВАНИЕ ТЕМЫ КАК ПРЕДМЕТ
Наименование темы Сельское хозяйство
Тематический подзаголовок Опытное дело
Географический подзаголовок Россия
Системный номер авторитетной/нормативной записи 2583985
Идентификатор авторитетной/нормативной записи RU\NLR\AUTH\6601737772
686 3# - ИНДЕКСЫ ДРУГИХ КЛАССИФИКАЦИЙ
Индекс П1(2)
686 3# - ИНДЕКСЫ ДРУГИХ КЛАССИФИКАЦИЙ
Индекс П.е(2)л4
710 02 - НАИМЕНОВАНИЕ ОРГАНИЗАЦИИ - ПЕРВИЧНАЯ ОТВЕТСТВЕННОСТЬ
Начальный элемент ввода Ставрополь-Кавказская сельскохозяйственная опытная станция
Идентификатор авторитетной/нормативной записи RU\NLR\AUTH\889950077
Системный номер авторитетной/нормативной записи 395925
852 ## - МЕСТОНАХОЖДЕНИЕ И ШИФР ХРАНЕНИЯ
Идентификатор организации NLR
Шифр хранения (Call Number) 63-7/3251
942 ## - ДОПОЛНИТЕЛЬНЫЕ ЭЛЕМЕНТЫ ЗАПИСИ (АБИС)
Тип экземпляра АБИС Книга

Нет доступных экземпляров.